30 anys de dansa : (Record no. 136058)

MARC details
000 -CABECERA
campo de control de longitud fija 02417nam a2200457 i 4500
001 - NÚMERO DE CONTROL
campo de control 991061305512806706
003 - IDENTIFICADOR DEL NÚMERO DE CONTROL
campo de control ES-BaIT
005 - FECHA Y HORA DE LA ÚLTIMA TRANSACCIÓN
campo de control 20250430122157.0
008 - DATOS DE LONGITUD FIJA--INFORMACIÓN GENERAL
campo de control de longitud fija 250325s2013 spca||||r|||||0|| 0dcat|c
040 ## - FUENTE DE LA CATALOGACIÓN
Centro catalogador/agencia de origen ES-BaIT
Lengua de catalogación cat
Normas de descripción rda
Centro/agencia transcriptor ES-BaIT
080 ## - NÚMERO DE LA CLASIFICACIÓN DECIMAL UNIVERSAL
Número de la Clasificación Decimal Universal 793(460.23)
245 00 - MENCIÓN DE TÍTULO
Título 30 anys de dansa :
Resto del título Temporada tardor 2013 /
Mención de responsabilidad, etc. Centre Cultural Terrassa , fotografies Josep Aznar, Teresa Llordés, Ros Ribas, Lado
246 1# - FORMA VARIANTE DE TÍTULO
Título propio/Titulo breve Trenta anys de dansa
264 #1 - PRODUCCIÓN, PUBLICACIÓN, DISTRIBUCIÓN, FABRICACIÓN Y COPYRIGHT
Producción, publicación, distribución, fabricación y copyright Terrassa :
Nombre del de productor, editor, distribuidor, fabricante Centre Cultural de Terrassa,
Fecha de producción, publicación, distribución, fabricación o copyright [2013]
300 ## - DESCRIPCIÓN FÍSICA
Extensión 60 pàgines, algunes sense numerar:
Otras características físicas molt il·lustrat en color;
Dimensiones 22 x 23 cm
336 ## - TIPO DE CONTENIDO
Término de tipo de contenido text
Código de tipo de contenido txt
Fuente rdacontent
336 ## - TIPO DE CONTENIDO
Término de tipo de contenido imatge fixa
Código de tipo de contenido sti
Fuente rdacontent
337 ## - TIPO DE MEDIO
Nombre/término del tipo de medio sense mediació
Código del tipo de medio n
Fuente rdamedia
338 ## - TIPO DE SOPORTE
Nombre/término del tipo de soporte volum
Código del tipo de soporte nc
Fuente rdacarrier
490 1# - MENCIÓN DE SERIE
Mención de serie fundacioct ;
Designación de volumen o secuencia 13
500 ## - NOTA GENERAL
Nota general Publicació commemorativa dels 30 anys de dansa del centre. En aquesta commemoració organitzen tres exposicions en motiu de les companyies que programen en la temporada de tardor 2013: IT Dansa. 15 anys dalt dels escenaris. Del 19 de setembre al 21 de novembre de 2013 ; Ballet Nacional de Cuba. 70 anys del debut d'una estrella. Del 25 d'octubre a l'11 de novembre de 2013 ; Nina Ananiashvili i el Ballet Estatal de Geòrgia. Del 15 de novembre al 23 de desembre de 2013
600 17 - PUNTO DE ACCESO ADICIONAL DE MATERIA--NOMBRE DE PERSONA
Nombre de persona Alonso, Alicia,
Fechas asociadas al nombre 1920-2019
Subdivisión general Exposicions
Fuente del encabezamiento o término lemac
9 (RLIN) 165673
600 17 - PUNTO DE ACCESO ADICIONAL DE MATERIA--NOMBRE DE PERSONA
Nombre de persona Ananiashvili, Nina,
Fechas asociadas al nombre 1981-
Subdivisión general Exposicions
Fuente del encabezamiento o término lemac
9 (RLIN) 165674
610 27 - PUNTO DE ACCESO ADICIONAL DE MATERIA--NOMBRE DE ENTIDAD CORPORATIVA
Nombre de entidad corporativa o nombre de jurisdicción como elemento de entrada IT Dansa Jove Companyia
Subdivisión general Exposicions
Fuente del encabezamiento o término lemac
9 (RLIN) 165675
610 27 - PUNTO DE ACCESO ADICIONAL DE MATERIA--NOMBRE DE ENTIDAD CORPORATIVA
Nombre de entidad corporativa o nombre de jurisdicción como elemento de entrada Ballet Nacional de Cuba
Subdivisión general Exposicions
Fuente del encabezamiento o término lemac
9 (RLIN) 165676
610 27 - PUNTO DE ACCESO ADICIONAL DE MATERIA--NOMBRE DE ENTIDAD CORPORATIVA
Nombre de entidad corporativa o nombre de jurisdicción como elemento de entrada Ballet Estatal de Geòrgia
Subdivisión general Exposicions
Fuente del encabezamiento o término lemac
9 (RLIN) 165677
610 24 - PUNTO DE ACCESO ADICIONAL DE MATERIA--NOMBRE DE ENTIDAD CORPORATIVA
Nombre de entidad corporativa o nombre de jurisdicción como elemento de entrada Fundació Caixa Terrassa.
Unidad subordinada Centre Cultural
Subdivisión general Coreografies
Subdivisión cronológica 2010-2019
9 (RLIN) 165678
650 #7 - PUNTO DE ACCESO ADICIONAL DE MATERIA--TÉRMINO DE MATERIA
Término de materia o nombre geográfico como elemento de entrada Dansa
Subdivisión general Exposicions
Fuente del encabezamiento o término lemac
9 (RLIN) 122549
650 #4 - PUNTO DE ACCESO ADICIONAL DE MATERIA--TÉRMINO DE MATERIA
Término de materia o nombre geográfico como elemento de entrada Companyies de dansa clàssica
Subdivisión general Exposicions
9 (RLIN) 165679
650 #4 - PUNTO DE ACCESO ADICIONAL DE MATERIA--TÉRMINO DE MATERIA
Término de materia o nombre geográfico como elemento de entrada Companyies de dansa contemporània
Subdivisión geográfica Catalunya
Subdivisión general Exposicions
9 (RLIN) 165680
700 1# - ENTRADA AGREGADA--NOMBRE PERSONAL
Nombre de persona Aznar, Josep
Término indicativo de función/relación fotògraf
9 (RLIN) 6113
700 1# - ENTRADA AGREGADA--NOMBRE PERSONAL
Nombre de persona Llordés, Teresa
Término indicativo de función/relación fotògraf
9 (RLIN) 165681
700 1# - ENTRADA AGREGADA--NOMBRE PERSONAL
Nombre de persona Ros Ribas, Josep
Término indicativo de función/relación fotògraf
9 (RLIN) 43379
700 1# - ENTRADA AGREGADA--NOMBRE PERSONAL
Nombre de persona Vachnadze, Lado
Término indicativo de función/relación fotògraf
9 (RLIN) 165682
710 2# - ENTRADA AGREGADA--NOMBRE DE ENTIDAD CORPORATIVA
Nombre de entidad corporativa o nombre de jurisdicción como elemento de entrada Fundació Caixa Terrassa.
Unidad subordinada Centre Cultural
Término indicativo de función/relación entitat editora
9 (RLIN) 103396
830 #0 - PUNTO DE ACCESO ADICIONAL DE SERIE-TÍTULO UNIFORME
Título uniforme Fundacioct.cat
Designación de volumen o secuencia 13
9 (RLIN) 165683
856 41 - LOCALIZACIÓN Y ACCESO ELECTRÓNICOS
Nota pública Accés lliure
Identificador Uniforme del Recurso <a href="https://www.lafactcultural.cat/files/Int_30aDansa.pdf">https://www.lafactcultural.cat/files/Int_30aDansa.pdf</a>
908 ## - COLOCAR PARÁMETRO DE COMANDO (RLIN)
Colocar parámetro de comando CDMAE
940 ## - EQUIVALENCIA O REFERENCIA-CRUZADA--TÍTULO UNIFORME [OBSOLETO] [solamente CAN/MARC]
Título uniforme <a href="CDMAE">CDMAE</a>
942 ## - ELEMENTOS DE ENTRADA AGREGADA (KOHA)
Fuente del sistema de clasificación o colocación Clasificación decimal universal
Tipo de ítem Koha Digital
Holdings
Estado de retiro Estado de pérdida Fuente del sistema de clasificación o colocación Estado dañado No para préstamo Localización permanente Ubicación/localización actual Ubicación en estantería Fecha de adquisición Fuente de adquisición Total de préstamos Signatura topográfica completa Código de barras Fecha visto por última vez Precio válido a partir de Tipo de ítem Koha
    Clasificación decimal universal     Biblioteca Barcelona Biblioteca Barcelona BCN Lliure Accés 30/04/2025 Donatiu   793.5 (itd) TRE 1900088604 30/04/2025 30/04/2025 Llibre

Powered by Koha